00906nam a2200217 a 450000100100000000500170001000800410002704000250006808200160009310000440010924500620015326000280021530000210024350000500026450000730031450400410038704900090042895201140043795201200055199900170067100001377820240305094403.0091130s2000 dr 001 0 spa d aDO-SdBNPbspacBNPHU axxxxbC212p1 aDuarte Canaán, Pedro J.,d1963-9630014aLas pruebas médico-legales /cPedro J. Duarte Canaán. aSanto Domingo :,c2000. a107 p. ;c21 cm. aIncluye datos biográficos del autor (p. 13) aIncluye referencias bibliográficas y notas al pie de las páginas aIncluye bibliografía (p. 105 -107) aBNPD 0010718PDaPDbPDcCTd2009-11-30iLF1l0oxxxx C212pp13778-10r2020-06-25w2020-06-25yLFPDZNo se presta 0010718PDaPDbPDcCTd2009-11-30iLF1l0oxxxx C212pp13778-20r2020-06-25te. 2w2020-06-25yLFPDZNo se presta c13390d13390